000
00201nam a22000857a 4500
008
170303b xxu||||| |||| 00| 0 eng d
100
_9
3018
_a
NCERT
245
_a
Physics-XII
260
_a
New Delhi
_b
NCERT
_c
2007
999
_c
6261
_d
6261